Общая теория относительности после Эйнштейна

Detalhes bibliográficos
Autor principal: Гуревич Л. Э. Лев Эммануилович
Outros Autores: Глинер Э. Б. Эраст Борисович
Resumo:В брошюре рассматриваются актуальные вопросы развития общей теории относительности в период после смерти се создателя Альберта Эйнштейна. Авторы уделяют главное внимание одному из направлений этого развития — изучению именно тех явлений, в которых отличие ог классической физики наиболее значительно. Два раздела этого направ­ления, а именно гравитационный коллапс и космология, составляют ос­новное содержание брошюры.Брошюра рассчитана на широкий круг специалистов, а также на неспециалистов, интересующихся успехами развития теории относитель­ности и проблемами современной астрофизики*
Idioma:russo
Publicado em: Москва, Знание, 1972
Colecção:Новое в жизни, науке, технике. Серия "Физика" № 11
Assuntos:
Formato: Livro
KOHA link:https://koha.lib.tpu.ru/cgi-bin/koha/opac-detail.pl?biblionumber=372968

MARC

LEADER 00000nam0a2200000 4500
001 372968
005 20231102012526.0
035 |a (RuTPU)RU\TPU\retro\30393 
035 |a RU\TPU\book\270075 
090 |a 372968 
100 |a 20221215d1972 k y0rusy50 ca 
101 0 |a rus 
102 |a RU 
105 |a a z 000zy 
200 1 |a Общая теория относительности после Эйнштейна  |f Л. Э. Гуревич, Э. Б. Глинер 
210 |a Москва  |c Знание  |d 1972 
215 |a 64 с.  |c ил. 
225 1 |a Новое в жизни, науке, технике. Серия "Физика"  |v № 11 
330 |a В брошюре рассматриваются актуальные вопросы развития общей теории относительности в период после смерти се создателя Альберта Эйнштейна. Авторы уделяют главное внимание одному из направлений этого развития — изучению именно тех явлений, в которых отличие ог классической физики наиболее значительно. Два раздела этого направ­ления, а именно гравитационный коллапс и космология, составляют ос­новное содержание брошюры.Брошюра рассчитана на широкий круг специалистов, а также на неспециалистов, интересующихся успехами развития теории относитель­ности и проблемами современной астрофизики* 
600 1 |a Эйнштейн  |g Альберт  |b А.  |c немецкий физик-теоретик  |c Нобелевский лауреат  |f 1879-1955  |2 stltpush  |3 (RuTPU)RU\TPU\pers\817 
606 1 |a Относительности теория  |2 stltpush  |3 (RuTPU)RU\TPU\subj\47735  |9 66647 
610 1 |a физика 
610 1 |a неэвклидова геометрия 
610 1 |a наблюдения 
610 1 |a Метагалактика 
610 1 |a расширение 
610 1 |a гравитационный коллапс 
610 1 |a пространство-время 
610 1 |a библиотека А. Г. Стромберга 
675 |a 530.12  |v 3 
700 1 |a Гуревич  |b Л. Э.  |g Лев Эммануилович 
701 1 |a Глинер  |b Э. Б.  |g Эраст Борисович 
801 1 |a RU  |b 63413507  |c 20140121 
801 2 |a RU  |b 63413507  |c 20221215  |g RCR 
942 |c BK